Best EA FC 24 Premier League Cards (80+) - Statistics

General Stats
  • This quiz has been taken 148 times
    143 since last reset
  • The average score is 86 of 113
Answer Stats
OVR pos yo Answer % Correct
91 Manchester City FC badge.svg Flag of Norway ST 23 Erling Haaland
100%
91 Manchester City FC badge.svg Flag of Belgium CM 32 Kevin De Bruyne
98%
86 Arsenal FC.svg Flag of England RW 22 Bukayo Saka
97%
87 Logo Flag of South Korea LW 31 Heung Min Son
97%
89 Liverpool FC.svg Flag of Egypt RW 31 Mohamed Salah
97%
89 Liverpool FC.svg Flag of the Netherlands CB 32 Virgil van Dijk
97%
89 Liverpool FC.svg Flag of Brazil GK 31 Allisson
96%
86 Liverpool FC.svg Flag of Scotland LB 30 Andrew Robertson
96%
88 Logo Flag of Portugal CAM 29 Bruno Fernandes
96%
89 Logo Flag of Brazil CDM 32 Casemiro
96%
88 Manchester City FC badge.svg Flag of Brazil GK 30 Ederson
96%
87 Arsenal FC.svg Flag of Norway CAM 25 Martin Ødegaard
96%
89 Manchester City FC badge.svg Flag of Spain CDM 27 Rodri
96%
88 Manchester City FC badge.svg Flag of Portugal CM 29 Bernardo Silva
95%
85 Manchester City FC badge.svg Flag of England CB 29 John Stones
95%
89 Manchester City FC badge.svg Flag of Portugal CB 26 Rúben Dias
95%
86 Liverpool FC.svg Flag of England RB 25 Trent Alexander-Arnold
95%
85 Manchester City FC badge.svg Flag of England LW 28 Jack Grealish
94%
85 Manchester City FC badge.svg Flag of England LW 23 Phil Foden
94%
85 Logo Flag of Cameroon GK 27 André Onana
93%
85 Arsenal FC.svg Flag of England CDM 25 Declan Rice
91%
85 File:Aston Villa FC new crest.svg Flag of Argentina GK 31 Emiliano Martínez
91%
85 Logo Flag of England LW 26 Marcus Rashford
91%
86 Chelsea FC.svg Flag of France (1794–1815, 1830–1974) CF 26 Christopher Nkunku
90%
84 Arsenal FC.svg Flag of Brazil CB 26 Gabriel
90%
84 Manchester City FC badge.svg Flag of England RB 33 Kyle Walker
90%
85 Liverpool FC.svg Flag of Portugal CF 27 Diogo Jota
89%
84 Arsenal FC.svg Flag of Brazil ST 26 Gabriel Jesus
89%
85 Newcastle United Logo.svg Flag of England RB 33 Kieran Trippier
89%
86 Newcastle United Logo.svg Flag of Italy CDM 23 Sandro Tonali
89%
84 Newcastle United Logo.svg Flag of England GK 31 Nick Pope
88%
85 Logo Flag of France (1794–1815, 1830–1974) CB 30 Raphaël Varane
88%
85 Arsenal FC.svg Flag of Ghana CDM 30 Thomas Partey
88%
84 Arsenal FC.svg Flag of England GK 25 Aaron Ramsdale
87%
84 Arsenal FC.svg Flag of Brazil LW 22 Gabriel Martinelli
87%
84 Liverpool FC.svg Flag of Colombia LW 27 Luis Díaz
87%
83 Logo Flag of Denmark CM 32 Christian Eriksen
86%
84 Logo Flag of Argentina CB 26 Lisandro Martínez
86%
84 Newcastle United Logo.svg Flag of Brazil CM 26 Bruno Guimarães
85%
83 Logo Flag of England LB 28 Luke Shaw
85%
83 Liverpool FC.svg Flag of the Netherlands CF 24 Cody Gakpo
84%
84 Logo Flag of England CAM 27 James Maddison
84%
83 Arsenal FC.svg Flag of France (1794–1815, 1830–1974) CB 23 William Saliba
84%
83 Logo Flag of France (1794–1815, 1830–1974) GK 37 Hugo Lloris
83%
84 Chelsea FC.svg Flag of England RB 24 Reece James
83%
84 Chelsea FC.svg Flag of Brazil CB 39 Thiago Silva
83%
81 Newcastle United Logo.svg Flag of Sweden ST 24 Alexander Isak
82%
82 Liverpool FC.svg Flag of Uruguay ST 24 Darwin Núñez
82%
82 Manchester City FC badge.svg CB 22 Joško Gvardiol
82%
82 Manchester City FC badge.svg Flag of Switzerland (Pantone) CB 28 Manuel Akanji
82%
82 Manchester City FC badge.svg CM 29 Mateo Kovačić
82%
82 Liverpool FC.svg Flag of Argentina CM 25 Alexis Mac Allister
81%
83 Arsenal FC.svg Flag of Italy CDM 32 Jorginho
81%
84 Logo Flag of Denmark CDM 28 Pierre-Emile Højbjerg
81%
84 Liverpool FC.svg Flag of Spain CM 32 Thiago
81%
83 Chelsea FC.svg Flag of Argentina CM 23 Enzo Fernández
79%
82 Arsenal FC.svg Flag of Germany CAM 24 Kai Havertz
79%
82 Logo Flag of Argentina CB 25 Cristian Romero
78%
82 Liverpool FC.svg Flaga CAM 23 Dominik Szoboszlai
78%
82 Everton FC logo.svg Flag of England GK 30 Jordan Pickford
78%
81 Liverpool FC.svg Flag of France (1794–1815, 1830–1974) CB 24 Ibrahima Konaté
77%
81 Arsenal FC.svg Flag of Belgium CF 29 Leandro Trossard
77%
84 File:Aston Villa FC new crest.svg Flag of France (1794–1815, 1830–1974) RM 24 Moussa Diaby
77%
81 Manchester City FC badge.svg Flag of the Netherlands CB 29 Nathan Aké
77%
81 Logo Flag of Brazil RW 24 Antony
76%
80 Arsenal FC.svg Flag of Ukraine LB 27 Oleksandr Zinchenko
74%
83 Chelsea FC.svg Flag of England LW 29 Raheem Sterling
74%
81 Logo Flag of Sweden RW 23 Dejan Kulusevski
73%
83 Newcastle United Logo.svg Flag of the Netherlands CB 24 Sven Botman
73%
80 Arsenal FC.svg Flag of Spain GK 28 David Raya
72%
80 Manchester City FC badge.svg Flag of Argentina ST 24 Julián Álvarez
72%
83 File:Aston Villa FC new crest.svg Flag of Spain CB 27 Pau Torres
72%
81 Newcastle United Logo.svg Flag of Paraguay RW 30 Miguel Almirón
70%
80 Chelsea FC.svg Flag of Ecuador CDM 22 Moisés Caicedo
70%
80 Logo Flag of Brazil ST 26 Richarlison
70%
82 Newcastle United Logo.svg Flag of England ST 32 Callum Wilson
69%
81 Logo Flag of Spain RB 24 Pedro Porro
69%
82 Logo Flag of Uruguay CM 26 Rodrigo Bentancur
69%
80 Logo Flag of Sweden CB 29 Victor Lindelöf
69%
80 Liverpool FC.svg Flag of Japan CM 31 Wataru Endō
69%
80 Arsenal FC.svg Flag of England RB 26 Benjamin White
68%
82 Newcastle United Logo.svg Flag of Switzerland (Pantone) CB 32 Fabian Schär
68%
82 Logo Flag of Italy GK 27 Guglielmo Vicario
68%
81 West Ham United FC logo.svg Flag of Brazil CAM 26 Lucas Paquetá
68%
82 File:Aston Villa FC new crest.svg Flag of Belgium CM 26 Youri Tielemans
68%
80 Logo Flag of France (1794–1815, 1830–1974) ST 28 Anthony Martial
67%
81 Fulham FC (shield).svg Flag of Germany GK 32 Bernd Leno
67%
80 Logo Flag of Portugal RB 25 Diogo Dalot
67%
82 Newcastle United Logo.svg Flag of Brazil CM 27 Joelinton
67%
81 Chelsea FC.svg Flag of England LB 27 Ben Chilwell
66%
80 Liverpool FC.svg Flag of Cameroon CB 32 Joël Matip
65%
80 Brighton & Hove Albion logo.svg Flag of Japan LM 26 Kaoru Mitoma
65%
81 Logo Flag of England CAM 25 Mason Mount
65%
80 Logo Flag of Morocco CDM 27 Sofyan Amrabat
65%
81 West Ham United FC logo.svg Flag of Mexico CDM 26 Edson Álvarez
63%
80 File:Aston Villa FC new crest.svg Flag of England ST 28 Ollie Watkins
62%
81 Brighton & Hove Albion logo.svg Flag of England CB 32 Lewis Dunk
60%
80 Brighton & Hove Albion logo.svg Flag of Ecuador LB 26 Pervis Estupiñán
60%
80 Logo Flag of England RB 26 Aaron Wan-Bissaka
59%
81 Logo Flag of Argentina CAM 27 Giovani Lo Celso
56%
82 Brentford FC crest.svg Flag of the Netherlands GK 30 Mark Flekken
56%
83 Fulham FC (shield).svg Flag of Brazil CDM 28 João Palhinha
52%
81 File:Aston Villa FC new crest.svg Flag of Brazil CB 31 Diego Carlos
49%
80 File:Aston Villa FC new crest.svg Flag of France (1794–1815, 1830–1974) CDM 24 Boubacar Kamara
47%
81 Everton FC logo.svg Flag of the Netherlands ST 27 Arnaut Danjuma
45%
81 Everton FC logo.svg Flag of Portugal ST 26 Beto
44%
81 Nottingham Forest F.C. logo.svg Flag of Greece GK 29 Odisseas Vlachodimos
44%
80 Newcastle United Logo.svg Flag of England LW 26 Harvey Barnes
43%
80 File:Aston Villa FC new crest.svg Flag of Argentina RM 27 Emiliano Buendía
40%
81 Nottingham Forest F.C. logo.svg Flag of Côte d'Ivoire CDM 26 Ibrahim Sangaré
40%
80 File:Aston Villa FC new crest.svg Flag of Italy RM 24 Nicolò Zaniolo
38%
80 File:Aston Villa FC new crest.svg Flag of Spain LB 30 Álex Moreno
35%
82 AFC Bournemouth (2013).svg Flag of Turkey ST 26 Enes Ünal
21%
No matching quizzes found
Score Distribution
Percent of People with Each Score
Percentile by Number Answered
Your Score History
You have not taken this quiz since the last reset